000 00253nam a2200109Ia 4500
005 20251222114407.0
008 251222s1900||||xx |||||||||||||| ||spa||
082 _aDVD0080/L85/2003/Ej.2
245 0 _aOjos que no ven
264 _bAldea Films
942 _cDVD
999 _c1874
_d1874